000
00263 a2200121 4500
020
_a
0706992407
090
_c
5237
_d
5237
100
_a
Jit S Chandan
245
_a
Organizational Behaviour
260
_a
New Delhi
300
_a
426
942
_a
NBS
_c
BK
_k
658.4 CHA
999
_c
347655
_d
347655